Konzervovanie a reštaurovanie mosadzného artefaktu

Salvato in:
Dettagli Bibliografici
Autore principale: Košťúr, Roman (Autore)
Altri autori: Zemanová, Matilda (Relatore della tesi)
Natura: Manoscritto Libro
Lingua:slovacco
Pubblicazione: 2018
Soggetti:
Accesso online:http://is.stuba.sk/zp/portal_zp.pl?podrobnosti=126580
Tags: Aggiungi Tag
Nessun Tag, puoi essere il primo ad aggiungerne!!

MARC

LEADER 00000ntm a22000003a 4500
001 stuzp69471
003 SK-STU
005 20180623210753.8
007 ta
008 150427s2015----xo-----f-mn---000-0-slo-d
040 |a STU  |b slo 
041 0 |a slo 
100 1 |a Košťúr, Roman  |u 042120  |4 aut  |U FCHPT Ústav anorganickej chémie, technológie a materiálov  |T FCHPT Oddelenie anorganickej technológie  |X 81949  |U C2120  |Y 111  |7 81949 
242 0 1 |a Conservation and restoration of the brass artefact  |y eng 
245 1 0 |a Konzervovanie a reštaurovanie mosadzného artefaktu 
260 |c 2018 
650 4 |a mosadz  |2 slo 
650 4 |a odzinkovanie  |2 slo 
650 4 |a korózne produkty  |2 slo 
650 4 |a korózia  |2 slo 
650 4 |a brass  |2 eng 
650 4 |a dezincification  |2 eng 
650 4 |a corrosion  |2 eng 
650 4 |a corrosion products  |2 eng 
700 1 |a Zemanová, Matilda  |u 042120  |k Z1  |4 ths  |U FCHPT Ústav anorganickej chémie, technológie a materiálov  |T FCHPT Oddelenie anorganickej technológie  |X 3885  |U C2120  |Y 111  |7 A000003885 
856 4 |u http://is.stuba.sk/zp/portal_zp.pl?podrobnosti=126580